Depresiones bipolares y unipolares (Registro nro. 317088)

Detalles MARC
000 -ENCABEZADO
Número de control [NR] 00925nam a2200229 a 4500
005 - FECHA Y HORA DE LA ÚLTIMA TRANSACCIÓN
control field 20200312112709.0
008 - DE LONGITUD FIJA DE DATOS DE ELEMENTOS - INFORMACIÓN GENERAL
Elementos de longitud fija [NR] 200312s2019 sp a|||fr|||| 00| 0 spa d
020 ## - NUMERO INTERNACIONAL NORMALIZADO PARA LIBROS [R]
Número Internacional Normalizado del libro [NR] 9788491104513 (2a.Ed.)
040 ## - FUENTE DE CATALOGACION [NR]
Agencia de catalogación original [NR] CO-BoUCM
Idioma de catalogación [NR] spa
Quien Cataloga Deissy Garcia
Quien Clasifica Deissy Garcia
041 0# - CODIGO DE IDIOMA [R]
Código de idioma para texto/pista de sonido o título separado [R] Español
060 ## - SIGNATURA TOPOGRAFICA DE LA BIBLIOTECA NACIONAL DE MEDICINA (NLM) [R]
Número clasificador [R] WM 207
245 00 - MENCION DE TITULO [NR]
Título [NR] Depresiones bipolares y unipolares
Parte restante del título [NR] qué hacer con los pacientes que no responden suficientemente a los tratamientos habituales
Mención de responsabilidad, etc. [NR] dirección Eduard Vieta Pascual, Víctor Pérez Sola
250 ## - MENCION DE EDICION [NR]
Mención de edición [NR] 2a.Ed.
260 ## - PUBLICACION, DISTRIBUCION, ETC. (PIE DE IMPRENTA) [R]
Nombre del editor, distribuidor, etc. [R] Médica Panamericana
Fecha de publicación, distribución, etc. [R] 2019
Lugar de publicación, distribución, etc. [R] Madrid
300 ## - DESCRIPCION FISICA [R]
Extensión [R] x, 93 páginas
Otros detalles físicos [NR] ilustraciones
504 ## - NOTA DE BIBLIOGRAFIA, ETC. [R]
Nota de bibliografía, etc. [NR] Incluye referencias bibliográficas
650 17 - ASIENTO SECUNDARIO DE MATERIA - TERMINO TEMATICO [R]
9 (RLIN) 12669
Término temático o nombre geográfico como elemento de entrada [NR] Depresión bipolar
650 17 - ASIENTO SECUNDARIO DE MATERIA - TERMINO TEMATICO [R]
9 (RLIN) 25733
Término temático o nombre geográfico como elemento de entrada [NR] Psicosis Maniaco-Depresiva
Subdivisión general [R] Tratamiento
700 1# - ASIENTO SECUNDARIO - NOMBRE PERSONAL [R]
Nombre personal [NR] Vieta Pascual, Eduard
Término de relación [R] director
9 (RLIN) 100400
700 1# - ASIENTO SECUNDARIO - NOMBRE PERSONAL [R]
Nombre personal [NR] Pérez Sola, Víctor
Término de relación [R] director
9 (RLIN) 100401
942 ## - ELEMENTOS DE ENTRADA AGREGADOS (KOHA)
Tipo de ítem principal el descrito en 300a Libro
Sistema de clasificación NLM
Tema principal Ciencias de la salud
Edición 2
Clasificación WM 207
Parte restante de la signatura top. D424d
Existencias
Fecha de último préstamo Total préstamos Signatura topográfica Código de barras Última vez visto Volúmen / Fascículo Ejemplar Costo de reposición Price effective from Tipo de ítem Nota pública (OPAC) Perdido Sistema de clasificación Dañado No prestable Tipo de ítem específico Suprimido Ubicación habitual Ubicación actual Localización Fecha de creación Proveedor Forma de adquisición Costo
31/03/2023 1 WM 207 D424d 100165629 12/12/2025 2a.Ed. Ej.1 26000.00 28/01/2020 Libro Spot Psicología & Psiquiatría   NLM     Libro   Quinta de Mutis Quinta de Mutis 3er piso 28/01/2020 12 Donación 0.00